Flaggen die Rot-Schwarz beinhalten | Deutsch - Statistiken

Allgemein
  • Dieses Quiz wurde 120 mal gespielt
  • Das Durchschnittsergebnis liegt bei 42 aus 56
Antwortstatistiken
Bildquiz Antwort % Korrekt
Albanien
100%
Belgien
100%
Deutschland
98%
Ägypten
97%
Kroatien
91%
Angola
90%
Irak
90%
Mexiko
90%
Südafrika
90%
Portugal
89%
Spanien
89%
Südkorea
88%
Ecuador
87%
Malta
87%
Kenia
86%
Serbien
85%
Vatikanstadt
84%
Ghana
83%
Uganda
82%
Liechtenstein
81%
Sri Lanka
79%
Moldawien
78%
Syrien
78%
Jemen
77%
Kambodscha
77%
Brunei
75%
Fidschi
75%
Paraguay
75%
Vereinigte Arabische Emirate
75%
Libyen
74%
Afghanistan
73%
El Salvador
73%
Eswatini
70%
Papua-Neuguinea
70%
Turkmenistan
70%
Antigua und Barbuda
69%
Kuwait
69%
Sambia
69%
Haiti
68%
Trinidad und Tobago
68%
Dominica
67%
Simbabwe
67%
Belize
66%
Sudan
66%
Kiribati
65%
Südsudan
65%
Jordanien
64%
Mosambik
64%
Guyana
62%
Malawi
62%
Äquatorialguinea
61%
Guinea-Bissau
56%
São Tomé und Príncipe
56%
St. Kitts und Nevis
55%
Vanuatu
55%
Osttimor
54%
Keine übereinstimmenden Quizze gefunden
Verteilung der Resultate
Anzahl Personen mit jedem Resultat
Perzentil nach korrekt beantworteten Fragen
Ihre Resultats-Entwicklung
Sie haben dieses Quiz noch nicht gespielt